书目信息 |
| 题名: |
西游记
|
|
| 作者: | 吴承恩 著 ;陈文新 , 易咸英 导读 | |
| 分册: | 上 | |
| 出版信息: | 长沙 岳麓书社 2008.08 |
|
| 页数: | 350页 | |
| 开本: | 23cm | |
| 丛书名: | ||
| 单 册: | ||
| 中图分类: | I242.4 | |
| 科图分类: | ||
| 主题词: | 章回小说--zhang hui xiao shuo--中国--明代 | |
| 电子资源: | ||
| ISBN: | 978-7-80761-028-1 | |
| 000 | 00966nam0 2200253 450 | |
| 001 | 012009803886 | |
| 005 | 20090623090831.25 | |
| 010 | @a978-7-80761-028-1@dCNY17.50 | |
| 100 | @a20090623d2008 em y0chiy0120 ea | |
| 101 | 0 | @achi |
| 102 | @aCN@b430000 | |
| 105 | @ay z 000ay | |
| 106 | @ar | |
| 200 | 1 | @a西游记@Axi you ji@h上@f吴承恩著@Fwu cheng en zhu@g陈文新导读@Gchen wen xin dao du@g易咸英点校@Gyi xian ying dian xiao |
| 210 | @a长沙@c岳麓书社@d2008.08 | |
| 215 | @a350页@d23cm | |
| 330 | @a本书内容分三大部分:第一部分(一到七回)介绍孙悟空的神通广大;第二部分(八到十二回)叙三藏取经的缘由;第三部分(十三到一百回)是全书故事的主体,写悟空等降伏妖魔,最终到达西天取回真经。 | |
| 606 | 0 | @a章回小说@Azhang hui xiao shuo@y中国@z明代 |
| 690 | @aI242.4@v4 | |
| 701 | 0 | @a吴承恩@Awu cheng en@4著 |
| 702 | 0 | @a陈文新@Achen wen xin@4导读 |
| 702 | 0 | @a易咸英@Ayi xian ying@4点校 |
| 801 | 0 | @aCN@bQSSK@c20090623 |
| 905 | @b748176-78@dI242.4@eW750:1@f3 | |
| 西游记.上/吴承恩著/陈文新导读/易咸英点校.-长沙:岳麓书社,2008.08 |
| 350页;23cm |
| ISBN 978-7-80761-028-1:CNY17.50 |
| 本书内容分三大部分:第一部分(一到七回)介绍孙悟空的神通广大;第二部分(八到十二回)叙三藏取经的缘由;第三部分(十三到一百回)是全书故事的主体,写悟空等降伏妖魔,最终到达西天取回真经。 |
| ● |
| 相关链接 |
|
|
|
正题名:西游记
索取号:I242.4/W750:1
 
预约/预借
| 序号 | 登录号 | 条形码 | 馆藏地/架位号 | 状态 | 备注 |
| 1 | 748176 | 207481768 | 社科二线400B/400B社科库 14排2列2层/ [索取号:I242.4/W750:1] | 在馆 | |
| 2 | 748177 | 207481777 | 社科二线400B/400B社科库 14排2列2层/ [索取号:I242.4/W750:1] | 在馆 | |
| 3 | 748178 | 207481786 | 社科二线400B/400B社科库 14排2列2层/ [索取号:I242.4/W750:1] | 在馆 |